|
|
|
|
| LEADER |
00947nam a2200229 u 4500 |
| 001 |
10020131 |
| 003 |
upatras |
| 005 |
20210117205411.0 |
| 008 |
881025s1933 gre |
| 040 |
|
|
|a GR-PaULI
|c GR-PaULI
|
| 041 |
0 |
|
|a gre
|
| 082 |
0 |
4 |
|a 366.1
|
| 100 |
1 |
|
|a Encausse, G.
|9 144020
|
| 245 |
1 |
0 |
|a Τι συμβολίζει ο μύθος του χιράμ εν τη μασονία
|c G. Encausse; Μιχ. Θ. Γεράκη
|
| 260 |
|
|
|a Alexandrie
|b Σεραπείον
|c 1933
|
| 300 |
|
|
|a 80 σ.
|c 20 εκ
|
| 505 |
1 |
|
|a Περιλαμβάνει πηγές και βοηθήματα
|
| 700 |
1 |
|
|a Γεράκης, Μιχ. Θ.
|9 144021
|
| 852 |
|
|
|a GR-PaULI
|b ΠΑΤΡΑ
|b ΒΚΠ
|b ΒΣ1
|k ΑΣΧΕ
|h 366.1 ENC
|m 28313
|p 025000094141
|t 1
|
| 942 |
|
|
|2 ddc
|c BK15
|
| 952 |
|
|
|0 0
|1 0
|4 0
|6 366_100000000000000_ENC
|7 0
|9 178426
|a LISP
|b LISP
|c BSC
|d 2016-04-24
|i 28313
|l 1
|o 366.1 ENC
|p 025000094141
|r 2025-03-05 16:41:45
|s 2025-02-26
|t 1
|w 2016-04-24
|y BK15
|
| 999 |
|
|
|c 110658
|d 110658
|